Uttara Pradeśa aura Bihāra ke bīca sīmā-vivāda para riporṭa. (Record no. 83600)

MARC details
000 -LEADER
fixed length control field 00784cam a22002651 4500
001 - CONTROL NUMBER
control field sa 68010870
003 - CONTROL NUMBER IDENTIFIER
control field DLC
005 - DATE AND TIME OF LATEST TRANSACTION
control field 20260227112556.0
008 - FIXED-LENGTH DATA ELEMENTS--GENERAL INFORMATION
fixed length control field 890403m19669999xx 000 0 hino
010 ## - LIBRARY OF CONGRESS CONTROL NUMBER
LC control number sa 68010870
035 ## - SYSTEM CONTROL NUMBER
System control number (OCoLC)23567369
040 ## - CATALOGING SOURCE
Original cataloging agency DLC
Transcribing agency MiU
Modifying agency DLC
042 ## - AUTHENTICATION CODE
Authentication code premarc
043 ## - GEOGRAPHIC AREA CODE
Geographic area code a-ii---
050 00 - LIBRARY OF CONGRESS CALL NUMBER
Classification number DS485.U64
Item number I5
110 1# - MAIN ENTRY--CORPORATE NAME
Corporate name or jurisdiction name as entry element India (Republic)
245 10 - TITLE STATEMENT
Title Uttara Pradeśa aura Bihāra ke bīca sīmā-vivāda para riporṭa.
260 ## - PUBLICATION, DISTRIBUTION, ETC.
Date of publication, distribution, etc. 1966-
300 ## - PHYSICAL DESCRIPTION
Extent v.
Dimensions 25 cm.
500 ## - GENERAL NOTE
General note Romanized.
651 #0 - SUBJECT ADDED ENTRY--GEOGRAPHIC NAME
Geographic name Uttar Pradesh (India)
General subdivision Boundaries
Geographic subdivision India
-- Bihar
651 #0 - SUBJECT ADDED ENTRY--GEOGRAPHIC NAME
Geographic name Bihar (India)
General subdivision Boundaries
Geographic subdivision India
-- Uttar Pradesh
700 1# - ADDED ENTRY--PERSONAL NAME
Personal name Trivedi, Chandulal Madhavlal,
Titles and other words associated with a name Sir,
Dates associated with a name 1893-
710 1# - ADDED ENTRY--CORPORATE NAME
Corporate name or jurisdiction name as entry element India (Republic).
Subordinate unit Central Directorate.

No items available.

Powered by Koha